[Event "Unterfränkische"]
[Site "?"]
[Date "2014.04.24"]
[Round "5.1"]
[White "Kuhn, Tobias"]
[Black "Savina, Anastasia"]
[Result "1/2-1/2"]
[WhiteElo "2225"]
[BlackElo "2394"]
[PlyCount "40"]
[EventDate "2014.??.??"]

1. Nf3 {[%clk 1:58:56]} 1... Nf6 {[%clk 1:59:35]} 2. g3 {[%clk 1:58:48]} 2...
g6 {[%clk 1:59:22]} 3. Bg2 {[%clk 1:58:43]} 3... Bg7 {[%clk 1:59:19]} 4. O-O {
[%clk 1:58:24]} 4... O-O {[%clk 1:59:15]} 5. c4 {[%clk 1:57:37]} 5... d5 {
[%clk 1:57:30]} 6. cxd5 {[%clk 1:57:03]} 6... Nxd5 {[%clk 1:57:26]} 7. Nc3 {
[%clk 1:56:33]} 7... Nb6 {[%clk 1:56:15]} 8. d4 {[%clk 1:56:16]} 8... Nc6 {
[%clk 1:55:20]} 9. d5 {[%clk 1:51:05]} 9... Na5 {[%clk 1:54:22]} 10. Nd4 {
[%clk 1:50:40]} 10... c6 {[%clk 1:36:26]} 11. e4 {[%clk 1:46:55]} 11... cxd5 {
[%clk 1:33:18]} 12. exd5 {[%clk 1:46:31]} 12... e6 {[%clk 1:26:09]} 13. Nc2 {
[%clk 1:13:24]} 13... exd5 {[%clk 1:19:56]} 14. Nxd5 {[%clk 1:13:04]} 14...
Nxd5 {[%clk 1:19:43]} 15. Qxd5 {[%clk 1:12:31]} 15... Qxd5 {[%clk 1:13:27]} 16.
Bxd5 {[%clk 1:12:18]} 16... Bh3 {[%clk 1:11:51]} 17. Rd1 {[%clk 1:10:18]} 17...
Rac8 {[%clk 1:02:57]} 18. Ne3 {[%clk 1:09:31]} 18... Nc6 {[%clk 1:01:40]} 19.
Rb1 {[%clk 1:01:28]} 19... Nd4 {[%clk 0:52:47]} 20. Bd2 {[%clk 0:48:55]} 20...
b6 1/2-1/2

[Event "Unterfränkische"]
[Site "?"]
[Date "2014.04.24"]
[Round "5.2"]
[White "Englert, Fabian"]
[Black "Wurm, Alexander"]
[Result "1-0"]
[WhiteElo "2310"]
[BlackElo "2094"]
[PlyCount "49"]
[EventDate "2014.??.??"]

1. e4 {[%clk 1:59:57]} 1... e6 {[%clk 1:59:10]} 2. d4 {[%clk 1:59:51]} 2... d5
{[%clk 1:59:04]} 3. Nd2 {[%clk 1:59:45]} 3... Nf6 {[%clk 1:57:46]} 4. e5 {
[%clk 1:59:37]} 4... Nfd7 {[%clk 1:57:40]} 5. c3 {[%clk 1:59:24]} 5... c5 {
[%clk 1:57:27]} 6. f4 {[%clk 1:59:13]} 6... Nc6 {[%clk 1:57:08]} 7. Ndf3 {
[%clk 1:59:01]} 7... Qb6 {[%clk 1:55:31]} 8. a3 {[%clk 1:58:29]} 8... a5 {
[%clk 1:52:00]} 9. b3 {[%clk 1:57:52]} 9... Be7 {[%clk 1:51:17]} 10. h4 {
[%clk 1:57:30]} 10... O-O {[%clk 1:49:13]} 11. Bd3 {[%clk 1:57:04]} 11... f6 {
[%clk 1:46:29]} 12. Ne2 {[%clk 1:54:51]} 12... cxd4 {[%clk 1:43:19]} 13. cxd4 {
[%clk 1:54:33]} 13... fxe5 {[%clk 1:41:08]} 14. fxe5 {[%clk 1:53:52]} 14... Kh8
{[%clk 1:26:53]} 15. Bb1 {[%clk 1:37:44]} 15... Ndxe5 {[%clk 1:11:06]} 16. dxe5
{[%clk 1:35:19]} 16... Nxe5 {[%clk 1:10:24]} 17. Qc2 {[%clk 1:08:41]} 17...
Nxf3+ {[%clk 1:07:02]} 18. gxf3 {[%clk 1:08:33]} 18... g6 {[%clk 1:05:16]} 19.
Bb2+ {[%clk 0:55:56]} 19... e5 {[%clk 0:56:22]} 20. Bxe5+ {[%clk 0:55:49]}
20... Kg8 {[%clk 0:54:57]} 21. Qd2 {[%clk 0:50:05]} 21... Rxf3 {[%clk 0:44:55]}
22. Qxd5+ {[%clk 0:47:30]} 22... Rf7 {[%clk 0:43:46]} 23. Bd4 {[%clk 0:45:27]}
23... Be6 {[%clk 0:38:41]} 24. Qe5 {[%clk 0:43:03]} 24... Bf6 {[%clk 0:37:56]}
25. Qxf6 {[%clk 0:42:47]} 1-0

[Event "Unterfränkische"]
[Site "?"]
[Date "2014.04.24"]
[Round "5.3"]
[White "Kunz, Konstantin"]
[Black "Amtmann, Florian"]
[Result "1-0"]
[WhiteElo "2198"]
[BlackElo "2158"]
[PlyCount "69"]
[EventDate "2014.??.??"]

1. d4 {[%clk 1:57:56]} 1... Nf6 {[%clk 1:59:26]} 2. c4 {[%clk 1:57:37]} 2... g6
{[%clk 1:58:31]} 3. Nc3 {[%clk 1:57:18]} 3... Bg7 {[%clk 1:57:57]} 4. e4 {
[%clk 1:57:10]} 4... d6 {[%clk 1:57:44]} 5. Nf3 {[%clk 1:55:54]} 5... O-O {
[%clk 1:57:27]} 6. h3 {[%clk 1:55:16]} 6... e5 {[%clk 1:57:12]} 7. d5 {
[%clk 1:54:48]} 7... a5 {[%clk 1:56:36]} 8. g4 {[%clk 1:53:50]} 8... Na6 {
[%clk 1:54:59]} 9. Be3 {[%clk 1:53:35]} 9... c6 {[%clk 1:48:01]} 10. Nd2 {
[%clk 1:50:19]} 10... Nc5 {[%clk 1:37:27]} 11. Be2 {[%clk 1:49:31]} 11... Rb8 {
[%clk 1:33:39]} 12. h4 {[%clk 1:32:43]} 12... cxd5 {[%clk 1:27:43]} 13. cxd5 {
[%clk 1:28:30]} 13... Bd7 {[%clk 1:23:41]} 14. g5 {[%clk 1:14:58]} 14... Ne8 {
[%clk 1:22:50]} 15. a3 {[%clk 1:12:08]} 15... a4 {[%clk 1:15:53]} 16. Bxc5 {
[%clk 1:06:34]} 16... dxc5 {[%clk 1:15:20]} 17. Nxa4 {[%clk 1:06:26]} 17... Qa5
{[%clk 1:10:54]} 18. Nc3 {[%clk 1:06:01]} 18... b5 {[%clk 1:10:05]} 19. a4 {
[%clk 0:59:57]} 19... bxa4 {[%clk 1:08:28]} 20. Nxa4 {[%clk 0:57:18]} 20... Qb4
{[%clk 1:06:33]} 21. Nc3 {[%clk 0:50:02]} 21... Qxb2 {[%clk 1:04:06]} 22. Rb1 {
[%clk 0:49:01]} 22... Qxc3 {[%clk 1:03:05]} 23. Rxb8 {[%clk 0:48:41]} 23... f5
{[%clk 1:01:18]} 24. Qb3 {[%clk 0:41:22]} 24... Qc1+ {[%clk 0:49:13]} 25. Bd1 {
[%clk 0:40:57]} 25... fxe4 {[%clk 0:47:57]} 26. Nxe4 {[%clk 0:37:57]} 26... Qf4
{[%clk 0:46:47]} 27. Qe3 {[%clk 0:36:09]} 27... Qf7 {[%clk 0:37:58]} 28. Nxc5 {
[%clk 0:26:04]} 28... Bf5 {[%clk 0:29:28]} 29. Rb7 {[%clk 0:24:53]} 29... Nc7 {
[%clk 0:22:57]} 30. d6 {[%clk 0:24:21]} 30... Nd5 {[%clk 0:22:07]} 31. Rxf7 {
[%clk 0:23:30]} 31... Nxe3 {[%clk 0:21:59]} 32. Rxf8+ {[%clk 0:22:44]} 32...
Bxf8 {[%clk 0:21:52]} 33. Bb3+ {[%clk 0:21:15]} 33... Kg7 {[%clk 0:21:19]} 34.
fxe3 {[%clk 0:19:59]} 34... Bxd6 {[%clk 0:21:14]} 35. Ne6+ {[%clk 0:19:15]} 1-0

[Event "Unterfränkischen EM 2014"]
[Site "Wörth am Main"]
[Date "2014.04.23"]
[Round "5.4"]
[White "Basel, Matthias"]
[Black "Kuhn, Norbert"]
[Result "1/2-1/2"]
[WhiteElo "2110"]
[BlackElo "2161"]
[PlyCount "31"]
[EventDate "2014.??.??"]

1. d4 d5 2. Nf3 e6 3. c4 Nf6 4. Nc3 c5 5. cxd5 Nxd5 6. e4 Nxc3 7. bxc3 cxd4 8.
cxd4 Bb4+ 9. Bd2 Qa5 10. Rb1 Bxd2+ 11. Qxd2 Qxd2+ 12. Kxd2 Nc6 13. Bb5 Bd7 14.
d5 Na5 15. dxe6 fxe6 16. Ne5 1/2-1/2

[Event "Unterfränkischen EM 2014"]
[Site "Wörth am Main"]
[Date "2014.04.23"]
[Round "5.5"]
[White "Hock, Gerold"]
[Black "Kwossek, Georg"]
[Result "1/2-1/2"]
[WhiteElo "2097"]
[BlackElo "2015"]
[PlyCount "44"]
[EventDate "2014.??.??"]

1. e4 d6 2. g3 Nf6 3. Bg2 e5 4. Ne2 g6 5. Nbc3 Bg7 6. h3 c6 7. d4 O-O 8. dxe5
dxe5 9. Qxd8 Rxd8 10. Be3 Na6 11. a3 Be6 12. Rd1 Rxd1+ 13. Kxd1 Ne8 14. Kc1 Nd6
15. b3 Nc7 16. Rd1 Ndb5 17. Kb2 Bf8 18. a4 Nxc3 19. Nxc3 Na6 20. h4 Bc5 21.
Bxc5 Nxc5 22. Bf3 h5 1/2-1/2

[Event "Unterfränkischen EM 2014"]
[Site "Wörth am Main"]
[Date "2014.04.23"]
[Round "5.6"]
[White "Pfarr, Michael"]
[Black "Ersoez, Can"]
[Result "1/2-1/2"]
[WhiteElo "2074"]
[BlackElo "2034"]
[PlyCount "95"]
[EventDate "2014.??.??"]

1. e4 c5 2. Nf3 d6 3. d4 cxd4 4. Nxd4 Nf6 5. Nc3 g6 6. Be3 Bg7 7. f3 Nc6 8. Qd2
O-O 9. O-O-O Nxd4 10. Bxd4 Be6 11. g4 Qa5 12. Kb1 Rfc8 13. a3 Rab8 14. h4 b5
15. Nd5 Qxd2 16. Nxf6+ Bxf6 17. Rxd2 Bxd4 18. Rxd4 Rc5 19. Be2 Rbc8 20. c3 a5
21. g5 Bb3 22. f4 Bc4 23. Bg4 Rb8 24. b4 axb4 25. cxb4 Rc7 26. h5 Bb3 27. hxg6
hxg6 28. Rd2 Kg7 29. Rdh2 Rg8 30. Kb2 Ba4 31. Rh7+ Kf8 32. Bd1 e6 33. Bxa4 bxa4
34. Rc1 Rxc1 35. Kxc1 Ke7 36. Rh2 Kd7 37. Kb2 Rc8 38. Rc2 Rh8 39. Rf2 Rh3 40.
f5 gxf5 41. exf5 Rb3+ 42. Ka2 Rg3 43. fxe6+ fxe6 44. Rf7+ Kc6 45. Ra7 Rg2+ 46.
Kb1 Kb5 47. Kc1 e5 48. Rd7 1/2-1/2

[Event "Unterfränkischen EM 2014"]
[Site "Wörth am Main"]
[Date "2014.04.23"]
[Round "5.7"]
[White "Flach, Manuel"]
[Black "Frey, Michael"]
[Result "0-1"]
[WhiteElo "1908"]
[BlackElo "2083"]
[PlyCount "88"]
[EventDate "2014.??.??"]

1. d4 d5 2. Bf4 c5 3. e3 Nc6 4. Nf3 Nf6 5. c3 Qb6 6. Qb3 c4 7. Qxb6 axb6 8. Na3
Ra5 9. Bc7 Nd7 10. Be2 e6 11. Nc2 Ra7 12. a4 f6 13. O-O Be7 14. Nd2 Bd8 15.
Bxd8 Kxd8 16. e4 Re8 17. exd5 exd5 18. Bf3 Ra5 19. Ne3 Ne7 20. b3 b5 21. axb5
Rxa1 22. Rxa1 cxb3 23. Nxd5 Nxd5 24. Bxd5 b2 25. Rb1 Re2 26. Rxb2 Nb6 27. Bb3
Re1+ 28. Nf1 Bf5 29. Rd2 Rc1 30. c4 Nxc4 31. Bxc4 Rxc4 32. Ne3 Rc1+ 33. Rd1
Rxd1+ 34. Nxd1 Kc7 35. f4 Bd7 36. Nc3 Kb6 37. Kf2 Bxb5 38. Nxb5 Kxb5 39. g4 Kc4
40. Ke3 b5 41. f5 b4 42. h4 b3 43. Kd2 Kxd4 44. g5 Ke4 0-1

[Event "Unterfränkischen EM 2014"]
[Site "Wörth am Main"]
[Date "2014.04.23"]
[Round "5.8"]
[White "Vogt, Thomas"]
[Black "Scholz, Stefan"]
[Result "1-0"]
[WhiteElo "2023"]
[BlackElo "2046"]
[PlyCount "97"]
[EventDate "2014.??.??"]

1. d4 Nf6 2. Nf3 c5 3. e3 g6 4. Bd3 Bg7 5. O-O O-O 6. c3 d5 7. Ne5 b6 8. Qe2
Qc7 9. a4 Nbd7 10. f4 Ne4 11. Nd2 Nd6 12. Qf3 Bb7 13. Qh3 Nf6 14. Ng4 Nxg4 15.
Qxg4 a6 16. Nf3 Bc8 17. Qh4 Bf5 18. Bxf5 Nxf5 19. Qe1 Nd6 20. g4 e6 21. Rf2 b5
22. Rg2 Rab8 23. h4 b4 24. h5 Rb7 25. Rh2 Rfb8 26. hxg6 hxg6 27. Ne5 bxc3 28.
bxc3 Rb1 29. Raa2 Ne4 30. g5 cxd4 31. exd4 Qxc3 32. Qxc3 Nxc3 33. Rac2 Nxa4 34.
Rc7 Ra1 35. Rhc2 Nb2 36. Kg2 Nc4 37. Nxf7 Bxd4 38. Nh6+ Kh8 39. Kf3 Bg7 40. Ng4
Rb3+ 41. Ke2 Rab1 42. Rc8+ Kh7 43. Nf6+ Bxf6 44. gxf6 Rb8 45. Rc7+ Kh8 46. Kf3
R1b7 47. Rh2+ Kg8 48. f7+ Kg7 49. f8=Q+ 1-0

[Event "Unterfränkische"]
[Site "?"]
[Date "2014.04.24"]
[Round "5.5"]
[White "Helgert, Johannes"]
[Black "Scholz, Michael"]
[Result "1/2-1/2"]
[WhiteElo "1993"]
[BlackElo "1876"]
[PlyCount "38"]
[EventDate "2014.??.??"]

1. b3 {[%clk 1:59:49]} 1... d5 {[%clk 1:59:07]} 2. e3 {[%clk 1:59:28]} 2... Nf6
{[%clk 1:58:20]} 3. Bb2 {[%clk 1:59:08]} 3... Nc6 {[%clk 1:57:49]} 4. Nf3 {
[%clk 1:56:52]} 4... Bg4 {[%clk 1:57:11]} 5. Be2 {[%clk 1:55:32]} 5... a5 {
[%clk 1:55:17]} 6. O-O {[%clk 1:52:06]} 6... e6 {[%clk 1:53:08]} 7. c4 {
[%clk 1:48:09]} 7... Nb4 {[%clk 1:48:00]} 8. d4 {[%clk 1:35:37]} 8... Bf5 {
[%clk 1:46:22]} 9. Na3 {[%clk 1:33:44]} 9... c6 {[%clk 1:45:17]} 10. Ne1 {
[%clk 1:25:09]} 10... Bd6 {[%clk 1:41:41]} 11. f4 {[%clk 1:19:23]} 11... h5 {
[%clk 1:40:07]} 12. Nf3 {[%clk 1:07:41]} 12... Ne4 {[%clk 1:36:18]} 13. Ne5 {
[%clk 0:57:46]} 13... g6 {[%clk 1:30:36]} 14. Nb1 {[%clk 0:50:34]} 14... f6 {
[%clk 1:25:35]} 15. Nd3 {[%clk 0:49:13]} 15... Qe7 {[%clk 1:23:01]} 16. Nc3 {
[%clk 0:44:32]} 16... Bg4 {[%clk 1:10:42]} 17. Nxe4 {[%clk 0:35:48]} 17... dxe4
{[%clk 1:09:27]} 18. Nf2 {[%clk 0:34:51]} 18... Bf5 {[%clk 1:06:15]} 19. a3 {
[%clk 0:33:45]} 19... Na6 1/2-1/2

[Event "Unterfränkische"]
[Site "?"]
[Date "2014.04.24"]
[Round "5.6"]
[White "Boehl, Marius"]
[Black "Schneider, Jana"]
[Result "1/2-1/2"]
[WhiteElo "1743"]
[BlackElo "1766"]
[PlyCount "31"]
[EventDate "2014.??.??"]

1. d4 {[%clk 1:59:57]} 1... d5 {[%clk 1:59:52]} 2. Nf3 {[%clk 1:59:17]} 2...
Nf6 {[%clk 1:59:30]} 3. e3 {[%clk 1:58:21]} 3... e6 {[%clk 1:59:03]} 4. Bd3 {
[%clk 1:57:10]} 4... Be7 {[%clk 1:57:03]} 5. Nbd2 {[%clk 1:55:10]} 5... O-O {
[%clk 1:55:44]} 6. e4 {[%clk 1:47:24]} 6... dxe4 {[%clk 1:47:59]} 7. Nxe4 {
[%clk 1:47:12]} 7... Nc6 {[%clk 1:42:09]} 8. c3 {[%clk 1:45:09]} 8... b6 {
[%clk 1:39:48]} 9. Qc2 {[%clk 1:34:40]} 9... h6 {[%clk 1:38:16]} 10. O-O {
[%clk 1:28:57]} 10... Bb7 {[%clk 1:35:27]} 11. Qe2 {[%clk 1:17:53]} 11... Nd5 {
[%clk 1:29:38]} 12. Bb1 {[%clk 1:08:51]} 12... Bd6 {[%clk 1:07:40]} 13. Qc2 {
[%clk 0:55:54]} 13... f5 {[%clk 1:04:59]} 14. Nxd6 {[%clk 0:54:01]} 14... Qxd6
{[%clk 1:04:11]} 15. Re1 {[%clk 0:53:18]} 15... Rae8 {[%clk 0:56:46]} 16. Ne5 {
[%clk 0:49:48]} 1/2-1/2

[Event "Unterfränkischen EM 2014"]
[Site "Wörth am Main"]
[Date "2014.04.23"]
[Round "5.3"]
[White "Müller, Lutz"]
[Black "Markert, Markus"]
[Result "1-0"]
[WhiteElo "2102"]
[BlackElo "2019"]
[PlyCount "75"]
[EventDate "2014.??.??"]

1. d4 Nf6 2. Nf3 d5 3. e3 c6 4. c4 Nbd7 5. Nc3 Qc7 6. cxd5 Nxd5 7. e4 N5b6 8.
a4 a5 9. Be3 e6 10. Rc1 Bb4 11. Bd3 Qd8 12. O-O h6 13. Qb3 Nf6 14. Ne5 Nbd7 15.
Rfd1 Qe7 16. h3 Nxe5 17. dxe5 Nd7 18. Bf4 g5 19. Bg3 h5 20. Be2 Bc5 21. Nb1 Ba7
22. Na3 h4 23. Bh2 Qb4 24. Qd3 Qb6 25. Qf3 Qd8 26. Nc4 O-O 27. Ne3 Bxe3 28.
Qxe3 Qe7 29. f4 Kh7 30. fxg5 Rg8 31. Bf4 Kg6 32. Qf3 Rh8 33. Rc3 Rb8 34. Qg4
Nc5 35. Be3 Nxa4 36. Rc2 b5 37. Rf1 Rg8 38. Qh5+ 1-0

[Event "Unterfränkischen EM 2014"]
[Site "Wörth am Main"]
[Date "2014.04.23"]
[Round "5.4"]
[White "Chen, Jiaoji"]
[Black "Kirchner, Michael"]
[Result "1/2-1/2"]
[WhiteElo "1607"]
[BlackElo "1973"]
[PlyCount "73"]
[EventDate "2014.??.??"]

1. d4 d6 2. c4 e5 3. d5 f5 4. Nc3 Nf6 5. Qc2 Be7 6. e4 fxe4 7. Nxe4 Nxe4 8.
Qxe4 Nd7 9. Bd3 Nc5 10. Qe2 Nxd3+ 11. Qxd3 O-O 12. Ne2 Bf5 13. Qd1 Qe8 14. Ng3
Bg6 15. O-O Bh4 16. Be3 Rf7 17. Qe2 Qd7 18. Rac1 b6 19. Rc3 Raf8 20. b4 Be7 21.
Rfc1 Qd8 22. c5 dxc5 23. bxc5 Qxd5 24. cxb6 cxb6 25. Rd1 Qa5 26. Rc7 Bc5 27.
Bxc5 bxc5 28. Rxf7 Bxf7 29. Qxe5 Qa4 30. Rd6 Qxa2 31. h3 Bg6 32. Rd7 Qxf2+ 33.
Kh2 Qf6 34. Qxc5 Qb6 35. Qe7 Qf6 36. Rxa7 Qxe7 37. Rxe7 1/2-1/2

[Event "Unterfränkischen EM 2014"]
[Site "Wörth am Main"]
[Date "2014.04.23"]
[Round "5.5"]
[White "Drewes, Thomas"]
[Black "Hofstetter, Hans-Joachim"]
[Result "0-1"]
[WhiteElo "1912"]
[BlackElo "2179"]
[PlyCount "72"]
[EventDate "2014.??.??"]

1. d4 Nf6 2. c4 e6 3. Nc3 Bb4 4. Bd2 O-O 5. e3 c5 6. Nf3 d5 7. a3 cxd4 8. Nxd4
Be7 9. cxd5 exd5 10. Be2 Nc6 11. O-O Nxd4 12. exd4 Qb6 13. Bf3 Qxb2 14. Qe2 Be6
15. Rfb1 Qc2 16. Rxb7 Rfe8 17. Rc1 Qf5 18. Nb5 Bd7 19. Qf1 Rab8 20. Rxb8 Rxb8
21. Nxa7 Bxa3 22. Re1 Qc2 23. Bg5 Qa4 24. Bxf6 gxf6 25. Bxd5 Qxa7 26. Qc4 Be8
27. g3 Bf8 28. Re4 Qd7 29. Rh4 Rc8 30. Qb3 Bg7 31. Be4 f5 32. Bc2 Qe6 33. Qd3
Bc6 34. f3 Qe1+ 35. Kg2 Bd7 36. g4 Rc3 0-1

[Event "Unterfränkischen EM 2014"]
[Site "Wörth am Main"]
[Date "2014.04.23"]
[Round "5.6"]
[White "Nagel, Erwin"]
[Black "Schneider, Johannes"]
[Result "1-0"]
[WhiteElo "1943"]
[BlackElo "1843"]
[PlyCount "59"]
[EventDate "2014.??.??"]

1. e4 c5 2. Nc3 a6 3. a4 e6 4. Bc4 b6 5. Nf3 Bb7 6. O-O Be7 7. d4 d6 8. d5 e5
9. Be2 Nf6 10. Nd2 O-O 11. Nc4 Nbd7 12. f4 exf4 13. Bxf4 Qc7 14. Qd3 Ne8 15.
Rad1 f6 16. Bg4 Ne5 17. Bxe5 fxe5 18. Be6+ Kh8 19. Rxf8+ Bxf8 20. Rf1 Nf6 21.
Qg3 Be7 22. Ne3 Rf8 23. Nf5 g6 24. Nxe7 Qxe7 25. Qg5 Kg7 26. h4 Bc8 27. Bxc8
Rxc8 28. h5 Nxd5 29. h6+ Kg8 30. Qg4 1-0

[Event "Unterfränkischen EM 2014"]
[Site "Wörth am Main"]
[Date "2014.04.23"]
[Round "5.7"]
[White "Klüber, Werner"]
[Black "Schandel, Dietmar"]
[Result "1/2-1/2"]
[WhiteElo "1937"]
[BlackElo "1853"]
[PlyCount "39"]
[EventDate "2014.??.??"]

1. d4 Nf6 2. c4 g6 3. Nc3 Bg7 4. e4 d6 5. Nf3 O-O 6. Be2 Nc6 7. O-O e5 8. dxe5
Nxe5 9. Nxe5 dxe5 10. Qxd8 Rxd8 11. Bg5 c6 12. Rfd1 Be6 13. h3 Rxd1+ 14. Rxd1
Nd7 15. Be3 f5 16. f3 f4 17. Bf2 Bf8 18. a3 a5 19. Na4 Be7 20. Rd2 1/2-1/2

[Event "Unterfränkischen EM 2014"]
[Site "Wörth am Main"]
[Date "2014.04.23"]
[Round "5.8"]
[White "Rößner, Uwe"]
[Black "Blank, Stefan"]
[Result "1-0"]
[WhiteElo "1863"]
[BlackElo "1865"]
[PlyCount "99"]
[EventDate "2014.??.??"]

1. c4 Nf6 2. g3 g6 3. Bg2 Bg7 4. Nf3 O-O 5. O-O d6 6. Nc3 Nbd7 7. Qc2 e5 8. a3
Re8 9. d3 h6 10. Rb1 c6 11. b4 Nf8 12. b5 Bd7 13. Nd2 Qc8 14. Nde4 Nxe4 15.
Nxe4 Re6 16. bxc6 Bxc6 17. Qb3 f5 18. Nc3 Bxg2 19. Kxg2 b6 20. Nd5 Kh7 21. a4
Nd7 22. Be3 g5 23. a5 f4 24. axb6 axb6 25. Bd2 Rb8 26. Qa2 Qc6 27. Rb5 Ree8 28.
Rfb1 Ra8 29. Qc2 Kh8 30. Kg1 fxg3 31. hxg3 Rab8 32. Be3 Qc8 33. Kg2 Nf6 34.
Nxf6 Bxf6 35. Rxb6 Rxb6 36. Rxb6 Qa8+ 37. Kh2 Qd8 38. Qb3 Bg7 39. Qb5 Bf8 40.
Qd5 Qf6 41. c5 Qg6 42. cxd6 Qh5+ 43. Kg1 Qxe2 44. d7 Qd1+ 45. Kg2 Rd8 46. Qxe5+
Kh7 47. Qf5+ Kg8 48. Rg6+ Bg7 49. Rxg7+ Kxg7 50. Bd4+ 1-0

[Event "Unterfränkischen EM 2014"]
[Site "Wörth am Main"]
[Date "2014.04.23"]
[Round "5.9"]
[White "Bastian, Holger"]
[Black "Reitz, Helmut"]
[Result "0-1"]
[WhiteElo "1788"]
[BlackElo "1831"]
[PlyCount "64"]
[EventDate "2014.??.??"]

1. e4 e5 2. Nf3 d6 3. d3 Nf6 4. g3 Be7 5. Bg2 Bg4 6. h3 Bh5 7. Nbd2 O-O 8. c3
c6 9. O-O Nbd7 10. a4 Nc5 11. Qc2 Rc8 12. Nb3 Nxb3 13. Qxb3 Qd7 14. Kh2 h6 15.
Qc2 Bg6 16. Be3 Qc7 17. Nh4 Bh7 18. f4 exf4 19. Bxf4 Nh5 20. Nf5 Bxf5 21. exf5
Nxf4 22. Rxf4 d5 23. d4 Bg5 24. Rff1 Rfe8 25. Rae1 h5 26. Qf2 h4 27. Bh1 Bd2
28. Rxe8+ Rxe8 29. Kg2 Re3 30. gxh4 Qe7 31. Kg1 Re2 32. f6 Qe3 0-1

[Event "Unterfränkischen EM 2014"]
[Site "Wörth am Main"]
[Date "2014.04.23"]
[Round "5.10"]
[White "Thomele, Michael"]
[Black "Simon, Jonathan"]
[Result "1-0"]
[WhiteElo "1908"]
[BlackElo "1938"]
[PlyCount "159"]
[EventDate "2014.??.??"]

1. e4 e6 2. d4 d5 3. exd5 exd5 4. Nf3 Nf6 5. Bd3 c5 6. dxc5 Bxc5 7. O-O O-O 8.
Bg5 h6 9. Bf4 Bd6 10. Bxd6 Qxd6 11. h3 Nc6 12. a3 Be6 13. Nc3 Kh8 14. Qd2 Rac8
15. Rad1 Rfd8 16. Rfe1 a6 17. Ne2 Qc7 18. Ng3 Na5 19. Nh4 Nc4 20. Qc1 Qb6 21.
b3 Nd6 22. Rxe6 fxe6 23. Ng6+ Kg8 24. Ne7+ Kf7 25. Nxc8 Nxc8 26. Qf4 Qd6 27.
Qc1 Ne7 28. a4 Nc6 29. c4 d4 30. Ne4 Nxe4 31. Bxe4 e5 32. Qd2 b6 33. Qe2 Nb4
34. Qh5+ Ke7 35. g3 Rf8 36. Qe2 a5 37. Bg2 d3 38. Qe4 Qc5 39. Rd2 Kf7 40. Bf1
Rd8 41. Bg2 Kg8 42. Qg6 Qd6 43. Qxd6 Rxd6 44. Be4 Kf7 45. f3 Kf6 46. Kf2 g5 47.
g4 Rd8 48. Kg3 Ke7 49. Kf2 Kf6 50. Ke1 Rd6 51. Kd1 Kg7 52. Kc1 Na6 53. Rxd3
Rxd3 54. Bxd3 Kf6 55. Kd2 Nb4 56. Be4 Na6 57. Kc3 Ke7 58. Bc6 Kd6 59. Bb5 Nb4
60. Be8 Kc5 61. Bb5 Kd6 62. Kd2 Na2 63. Kd3 Nb4+ 64. Ke4 Ke6 65. Be8 Na2 66.
Bc6 Nc1 67. Bd5+ Kf6 68. c5 bxc5 69. Bc4 Na2 70. Kd5 Nc3+ 71. Kxc5 e4 72. fxe4
Nxe4+ 73. Kb6 Ke5 74. Kxa5 Nd2 75. Kb5 Nxc4 76. bxc4 Kf4 77. c5 Kg3 78. c6 Kxh3
79. c7 Kxg4 80. c8=Q+ 1-0

[Event "Unterfränkischen EM 2014"]
[Site "Wörth am Main"]
[Date "2014.04.23"]
[Round "5.1"]
[White "Kraus, Arnold"]
[Black "Wilm, Johannes"]
[Result "1-0"]
[WhiteElo "1656"]
[BlackElo "1551"]
[PlyCount "71"]
[EventDate "2014.??.??"]

1. d4 Nf6 2. c4 c5 3. e3 g6 4. Nf3 cxd4 5. exd4 Bg7 6. Nc3 O-O 7. Be2 d5 8. h3
dxc4 9. Bxc4 e6 10. O-O Qc7 11. Bb3 Rd8 12. Bg5 Nc6 13. Rc1 h6 14. Bh4 g5 15.
Bg3 Qd7 16. Ba4 Nh5 17. Ne5 Bxe5 18. Bxe5 Ng7 19. Ne4 Qe7 20. Nf6+ Kf8 21. Bxc6
bxc6 22. Qc2 Nf5 23. g4 Ba6 24. gxf5 Bxf1 25. Rxf1 Rdc8 26. Qe2 exf5 27. Qh5
Qb4 28. Qxh6+ Ke7 29. Qxg5 Ke6 30. Qh6 Ke7 31. Kh2 Rh8 32. Nh7 Rag8 33. Bxh8
Qc4 34. Re1+ Kd8 35. Qd6+ Kc8 36. Re7 1-0

[Event "Unterfränkischen EM 2014"]
[Site "Wörth am Main"]
[Date "2014.04.23"]
[Round "5.2"]
[White "Liebler, Jürgen"]
[Black "Heller, Thomas"]
[Result "1/2-1/2"]
[WhiteElo "1684"]
[BlackElo "1809"]
[PlyCount "30"]
[EventDate "2014.??.??"]

1. d4 d5 2. Nf3 b6 3. g3 Bb7 4. Bg2 Nd7 5. O-O e6 6. Bg5 Ngf6 7. Ne5 h6 8. Nxd7
hxg5 9. Nxf8 Rxf8 10. c4 c6 11. cxd5 exd5 12. Re1 Qc7 13. Nc3 O-O-O 14. Qd2 g4
15. h4 gxh3 1/2-1/2

[Event "Unterfränkischen EM 2014"]
[Site "Wörth am Main"]
[Date "2014.04.23"]
[Round "5.3"]
[White "Saftenberger, Wolfgang"]
[Black "Schwarz, Tobias"]
[Result "1/2-1/2"]
[WhiteElo "1682"]
[BlackElo "1634"]
[PlyCount "92"]
[EventDate "2014.??.??"]

1. d4 Nf6 2. c4 g6 3. Nc3 Bg7 4. e4 d6 5. Nf3 O-O 6. Bd3 e5 7. d5 Nbd7 8. O-O
Nh5 9. Ne1 Qe8 10. Be3 a6 11. Rc1 f5 12. exf5 gxf5 13. Be2 Nhf6 14. f4 e4 15.
b4 h5 16. h3 h4 17. Kh1 Qg6 18. Nb1 Kf7 19. Nc2 Rg8 20. Rg1 Rh8 21. Nd4 Nf8 22.
Qb3 Qg3 23. Bd2 Nh5 24. Bxh5+ Rxh5 25. Qxg3 hxg3 26. Ne2 Ng6 27. Nxg3 Rh4 28.
Ne2 Bd7 29. c5 Bb5 30. Nbc3 Bxc3 31. Nxc3 dxc5 32. bxc5 Bd3 33. d6 cxd6 34.
cxd6 Ke6 35. Nd1 Kxd6 36. Nf2 Bb5 37. Rgd1 Ke6 38. g3 Rhh8 39. Bb4 Bc6 40. Rd6+
Kf7 41. Kh2 Rad8 42. Rcd1 Rxd6 43. Rxd6 Ne7 44. Nd1 Nd5 45. Bc5 Re8 46. Ne3
Nxe3 1/2-1/2

[Event "Unterfränkischen EM 2014"]
[Site "Wörth am Main"]
[Date "2014.04.23"]
[Round "5.4"]
[White "Trapp, Kevin"]
[Black "Englert, Fred"]
[Result "0-1"]
[WhiteElo "1637"]
[BlackElo "1813"]
[PlyCount "94"]
[EventDate "2014.??.??"]

1. d4 d5 2. c4 c6 3. Nc3 Nf6 4. e3 g6 5. Nf3 Bg7 6. Bd3 O-O 7. Bd2 Nbd7 8. Qc2
dxc4 9. Bxc4 Nb6 10. Bd3 Nbd5 11. a3 b6 12. Ne5 Bb7 13. O-O Rc8 14. Qa4 a6 15.
Nf3 b5 16. Qb3 c5 17. Be2 Nxc3 18. bxc3 Ne4 19. Rfd1 e6 20. a4 Bd5 21. Qb2 bxa4
22. Rxa4 Rb8 23. Qa1 Bb3 24. Rxa6 Bxd1 25. Qxd1 Qc8 26. g3 Rd8 27. Ra4 Rb2 28.
Qc1 Qb7 29. Bd3 Rb8 30. Ra1 cxd4 31. cxd4 Rc8 32. Qd1 Nxd2 33. Nxd2 Ra8 34. Rc1
Qb8 35. Nc4 Rb4 36. Qc2 Rba4 37. Rb1 Ra1 38. Rxa1 Rxa1+ 39. Kg2 Qb4 40. Nd2 Ra8
41. Ne4 Qb7 42. Kh3 e5 43. dxe5 Qd7+ 44. Kg2 Bxe5 45. Qc5 Bg7 46. Nd6 Bf8 47.
Qd5 Rd8 0-1

[Event "Unterfränkischen EM 2014"]
[Site "Wörth am Main"]
[Date "2014.04.23"]
[Round "5.5"]
[White "Lamping, Peter"]
[Black "Beyersdorf, Gunter"]
[Result "0-1"]
[WhiteElo "1585"]
[BlackElo "1787"]
[PlyCount "126"]
[EventDate "2014.??.??"]

1. f4 c5 2. Nf3 Nf6 3. e3 g6 4. Be2 Bg7 5. O-O d6 6. d3 Nc6 7. c3 O-O 8. e4 Qb6
9. Kh1 Bg4 10. a4 Rad8 11. Na3 Na5 12. Rb1 Qc7 13. Bd2 Nc6 14. b4 cxb4 15. cxb4
Nh5 16. Qc2 Qb8 17. Rfc1 Rc8 18. Qd1 Bh6 19. b5 Nd8 20. g3 Ne6 21. f5 Bxd2 22.
Nxd2 Bxe2 23. Qxe2 Nc5 24. a5 d5 25. e5 f6 26. fxg6 hxg6 27. d4 Ne6 28. Nc2
Rxc2 29. Rxc2 Nxd4 30. Qd3 Nxc2 31. Qxg6+ Ng7 32. exf6 Rxf6 33. Qxc2 Kf7 34.
Re1 Qd6 35. Qb3 e6 36. Nf3 Rh6 37. Kg2 Ke7 38. Qc3 Nf5 39. g4 Rg6 40. h3 Qg3+
41. Kf1 Qxh3+ 42. Ke2 Qxg4 43. Qc7+ Kf8 44. Qb8+ Kf7 45. Qc7+ Kg8 46. Qb8+ Kh7
47. Rh1+ Rh6 48. Qc7+ Ng7 49. Rg1 Qc4+ 50. Qxc4 dxc4 51. Rc1 Rh5 52. Rb1 Nf5
53. Ne5 Nd6 54. Nd7 Kg6 55. Rg1+ Kf7 56. b6 Rxa5 57. Ke3 Nf5+ 58. Ke4 Ke7 59.
Ne5 axb6 60. Nxc4 Nd6+ 61. Kd3 Nxc4 62. Kxc4 Kd6 63. Rg6 Rc5+ 0-1